| 000 | 00758nam a2200265Ia 4500 | ||
|---|---|---|---|
| 001 | dia_2161 | ||
| 003 | CHAP | ||
| 005 | 20221213082133.0 | ||
| 008 | 220117s1973 xx 000 0 und d | ||
| 010 | _a170681 | ||
| 040 | _cCHAP | ||
| 082 | _a637.33 L65 | ||
| 100 |
_aLópez Rubio, Armando M. _9147720 |
||
| 245 |
_aPrácticas de Productos Pecuarios / _c por Armando M. López Rubio |
||
| 260 |
_aMéxico : _b DIA.,Sección de Proyectos, _c1973 |
||
| 300 | _aP.v. | ||
| 650 | _a1.Queso/ | ||
| 650 |
_aCarne _xcongelación. _9147721 |
||
| 650 |
_aLeche _xsecado/ _9147722 |
||
| 650 |
_aMantequilla/ _970586 |
||
| 901 | _a637.33 L65 | ||
| 902 | _aM | ||
| 905 | _a0000001973 MX X 0000000000SPA00 | ||
| 942 |
_cLIBRO _2ddc |
||
| 999 |
_c170681 _d170681 |
||